History of beyng (Record no. 134354)

MARC details
000 -LEADER
fixed length control field 01076nam a2200289Ia 4500
003 - CONTROL NUMBER IDENTIFIER
control field OSt
005 - DATE AND TIME OF LATEST TRANSACTION
control field 20220918170502.0
008 - FIXED-LENGTH DATA ELEMENTS--GENERAL INFORMATION
fixed length control field 220917b |||||||| |||| 00| 0 eng d
020 ## - INTERNATIONAL STANDARD BOOK NUMBER
International Standard Book Number 9780253018144 (hbk)
037 ## - SOURCE OF ACQUISITION
Terms of availability Textual
040 ## - CATALOGING SOURCE
Original cataloging agency ARTS
Transcribing agency ARTS
Language of cataloging eng
041 ## - LANGUAGE CODE
Source of code eng
Language code of text/sound track or separate title eng
100 ## - MAIN ENTRY--PERSONAL NAME
Personal name Heidegger Martin Au.
9 (RLIN) 29319
245 #0 - TITLE STATEMENT
Title History of beyng
Remainder of title 1. the history of beyng (1938-40) 2. koivov out of the history of beyng (1939-40)
260 ## - PUBLICATION, DISTRIBUTION, ETC.
Place of publication, distribution, etc. Bloomington
Name of publisher, distributor, etc. Indiana University Press U.S.A
Date of publication, distribution, etc. 2015
300 ## - PHYSICAL DESCRIPTION
Extent xvi,208p.
Dimensions cm.
490 ## - SERIES STATEMENT
Series statement Studies in continental thought
650 ## - SUBJECT ADDED ENTRY--TOPICAL TERM
Topical term or geographic name entry element HEIDEGGER, MARTIN; PHILOSOPHERS
9 (RLIN) 29320
700 ## - ADDED ENTRY--PERSONAL NAME
Personal name McNeill William Tr.
9 (RLIN) 29321
700 ## - ADDED ENTRY--PERSONAL NAME
Personal name Powell Jeffrey Tr.
9 (RLIN) 29322
942 ## - ADDED ENTRY ELEMENTS (KOHA)
Classification part R3xM89, Q5
Koha item type Textual
Source of classification or shelving scheme Colon Classification (CC)
Holdings
Withdrawn status Lost status Damaged status Not for loan Home library Current library Date acquired Source of acquisition Total Checkouts Full call number Barcode Date last seen Date last checked out Price effective from Koha item type
        Arts Library Arts Library 2022-09-18 12977, 08/03/2017, Elite Publishers Distributors 1 R3xM89 Q5 AL1630597 2025-05-27 2025-04-21 2022-09-18 Textual
Copyright @ Delhi University Library System